Stručný prehľad vývoja podnikových informačných systémov

Podnikové informačné systémy prešli v posledných dvoch dekádach značným vývojom a v súčasnosti už existujú systémy spĺňajúce prakticky akékoľvek požiadavky firiem. Príspevok má za cieľ poskytnúť prehľad vývoja týchto systémov ako východisko pri rozhodovaní sa o správnom systéme na implementovanie.

Gespeichert in:
Bibliographische Detailangaben
1. Verfasser: Hlavatý, Ivan, 1978-
Format: Buchkapitel
Sprache:Slowakisch
Schlagworte:
Tags: Tag hinzufügen
Keine Tags, Fügen Sie das erste Tag hinzu!

MARC

LEADER 00000nla$a2200000$$$4500
001 0115916
005 20240502072307.5
041 0 |a slo 
044 |a SK 
245 1 0 |a Stručný prehľad vývoja podnikových informačných systémov  |c Ivan Hlavatý 
520 |a Podnikové informačné systémy prešli v posledných dvoch dekádach značným vývojom a v súčasnosti už existujú systémy spĺňajúce prakticky akékoľvek požiadavky firiem. Príspevok má za cieľ poskytnúť prehľad vývoja týchto systémov ako východisko pri rozhodovaní sa o správnom systéme na implementovanie. 
610 2 0 |a systémy informačné podnikové 
610 2 0 |a stratégia informačná 
610 2 0 |a stratégia podniková 
100 1 |a Hlavatý, Ivan, 1978-